| 000 | 01503nam a22002537a 4500 | ||
|---|---|---|---|
| 005 | 20210325191124.0 | ||
| 008 | s2534 th tha d | ||
| 041 | _atha | ||
| 090 | _aว U162 ก281ก 2534 | ||
| 100 | 0 | _aกฤษณะ สิทธิทูล | |
| 245 | 1 | 0 | _aการเสริมสร้างกำลังทางอากาศเพื่อพิทักษ์พื้นที่ทางเศรษฐกิจในทะเลด้านอ่าวไทย และฝั่งทะเลอันดามัน |
| 260 | 3 |
_aกรุงเทพฯ : _bวิทยาลัยป้องกันราชอาณาจักร, _c2534 |
|
| 300 |
_a118 หน้า : _b ภาพประกอบ, แผนที่ ; _c 28 ซม. |
||
| 650 | 0 | 4 | _aการทหาร -- วิจัย |
| 650 | 0 | 4 | _aการป้องกันภัยทางอากาศ -- วิจัย |
| 650 | 0 | 4 | _aการพัฒนาเศรษฐกิจ -- แง่ยุทธศาสตร์ -- วิจัย |
| 650 | 0 | 4 | _aทหารกับการพัฒนาเศรษฐกิจ -- วิจัย |
| 650 | 0 | 4 | _aนโยบายเศรษฐกิจ -- ไทย -- วิจัย |
| 650 | 0 | 4 | _aไทย (ทะเลอันดามัน) -- ภาวะเศรษฐกิจ -- วิจัย |
| 850 | _aNALT | ||
| 942 | _cRSH | ||
| 997 |
_c000000000027491 _kVC |
||
| 998 | _aNISA LAUNGTONGKUM | ||
| 999 |
_c27491 _d27491 |
||